000 00697nam a2200241Ia 4500
003 OSt
005 20221006163852.0
006 a|||||r|||| 00| 0
007 ta
008 221006b |||||||| |||| 00| 0 eng d
024 _a26
037 _cTextual
040 _aFML
_cFML
_beng
041 _2eng
_aeng
082 _aa46,144,N64 K8.1
100 _aJain Vijay Kumar Ed.
_9676039
245 0 _aGuide to Indian Penodical Litrature
_b Social science and Humanities
260 _aGurgoan
_bIndian Documentation Service
_c1981
300 _a984
_ccm.
490 _v18
942 _ha46,144,N64 K8.1
_cTEXL
_2CC
999 _c1115571
_d1115571